| 000 | 00689nam a22002417a 4500 | ||
|---|---|---|---|
| 003 | dpl | ||
| 005 | 20180803153200.0 | ||
| 008 | 180803b xxu||||| |||| 00| 0 eng d | ||
| 010 | _aB-98598 | ||
| 020 |
_c00.00 _a812192233 |
||
| 035 | _aB-98598, B-098610 | ||
| 037 | _bCen Lib/Ret | ||
| 040 |
_aDPL _bEN _c0 |
||
| 082 |
_a330 _bAHU |
||
| 100 |
_aAhuja, H. L. _973618 |
||
| 245 |
_aEconomics for C.A. / _cby H. L. Ahuja |
||
| 260 |
_aNew Delhi _bS.Chand _c2005 |
||
| 270 |
_a7361, Ram Nagar _bNew Delhi _e110055 |
||
| 300 |
_a720p. _c23cm(Hb) |
||
| 650 |
_aMicroeconomics _973619 |
||
| 650 |
_aIndian microeconomics environment _973620 |
||
| 942 |
_2ddc _cEN _h330 _mAHU |
||
| 999 |
_c123560 _d123560 |
||